000 01325nam0a22003251 4500
001 RU\INFOCOMM_318\5000027723
005 20250613102150.0
035 _a(NLR Aleph) 009426262
090 _a8254837
_c8254837
100 _a20121031d1968 |||y0rusy50 ca
101 0 _aeng
_drus
_dfre
102 _aRU
105 _ay z |||||
200 1 _aImprovement of energy economics by means of combination with material economics
_fBy L. Hibbey ...
210 _a[Москва
_d1968]
215 _a24 с.
_cил.
_d21 см
225 1 _aPaper
_fVII World power conference, Москва, 20-24 авг. 1968. Section B
_v138
300 _aБез тит. л. и обл.
300 _aНадзаголовок также на рус. яз.: VII Мировая энергетическая конференция; и на франц. яз.: VII Conférence mondiale de l'énergie
300 _aРезюме на франц. и рус. яз.
309 _aОтпеч. множит. аппаратом
606 _aМоделирование в экономике
_9906940
_3RU\NLR\AUTH\6610823
686 _aЭ-14
_2rubbk
700 1 _aHibbey
_bL.
712 1 2 _aWorld power conference
_d7
_eMoscow
_f1968
_4570
801 1 _aRU
_bNLR
_c20121031
801 0 _aRU
_bINFOCOMM
_gPSBO
852 _aNLR
_jЭк11 Д-4/2
942 _cBOOK
980 _aNB